Informácie a štúdie č. 54

Saved in:
Bibliographic Details
Format: Book
Language:Slovak
Published: Bratislava Výskumný ústav oblastného plánovania 1983
Tags: Add Tag
No Tags, Be the first to tag this record!

MARC

LEADER 00000nam a2200000 4500
001 c133069
005 20240822101655.0
041 0 |a slo 
044 |a SK 
245 1 0 |a Informácie a štúdie č. 54 
264 1 |a Bratislava  |b Výskumný ústav oblastného plánovania  |c 1983 
300 |a 119 s.